| 000 | 00484nam a2200181Ia 4500 | ||
|---|---|---|---|
| 008 | 230718s9999 xx 000 0 und d | ||
| 020 | _a9789351434467 | ||
| 041 | _aeng | ||
| 082 |
_a342.020 _bBAS |
||
| 100 |
_aBasu D.D. _9110597 |
||
| 245 | _aIntroduction To The Constitution Of India | ||
| 250 | _a22nd edi. | ||
| 260 |
_c2015 _bLexisNexis |
||
| 300 | _a554 | ||
| 365 |
_cRs. _b350.00 |
||
| 700 |
_aBasu D.D. _9110597 |
||
| 906 |
_dO:0770214-Dec-2022B:12610-Dec-2022 _cGENRL _b70 |
||
| 999 |
_c353121 _d353121 |
||